[Event "TUR Cup"]
[Site "Antalya"]
[Date "2019.02.03"]
[Round "11"]
[White "Karadeniz, Emirhan"]
[Black "Ozata, Doruk"]
[Result "1-0"]
[WhiteElo "2257"]
[BlackElo "1778"]
[PlyCount "71"]
[EventDate "2019.01.27"]
[EventType "swiss"]
[EventRounds "11"]
[EventCountry "TUR"]
[SourceTitle "CBM 188 Extra"]
[Source "ChessBase"]
[SourceDate "2019.02.26"]
[SourceVersion "1"]
[SourceVersionDate "2019.02.26"]
[SourceQuality "1"]

1. d4 Nf6 2. c4 e6 3. Nc3 Bb4 4. e3 0-0 5. Nge2 b6 6. a3 Be7 7. Ng3 d5 8. cxd5 exd5 9. Bd3 Re8 10. 0-0 Be6 11. b4 Bf8 12. Bd2 a5 13. Nce2 axb4 14. axb4 Rxa1 15. Qxa1 Bd6 16. b5 Nbd7 17. f3 Nf8 18. e4 Bxg3 19. Nxg3 Ng6 20. e5 Nd7 21. f4 f5 22. Nxf5 Ngf8 23. Ne3 g6 24. g4 Kh8 25. Qe1 Bg8 26. Bc3 Ne6 27. Qg3 Ndc5 28. Bc2 Ne4 29. Bxe4 dxe4 30. d5 Ng7 31. e6 Bxe6 32. dxe6 Rxe6 33. f5 Rd6 34. f6 Ne6 35. f7+ Rd4 36. Qe5+ 1-0